| 000 | 02051nam a2200181 i 4500 | ||
|---|---|---|---|
| 001 | 170384 | ||
| 003 | ES-MaACL | ||
| 005 | 20250806045156.0 | ||
| 008 | 090302s18881890sp |||| | spa d | ||
| 110 | 2 |
_aReal Academia de Medicina de Madrid _96318 |
|
| 245 | 1 | 0 |
_aDiscursos pronunciados en la Real Academia de Medicina de Madrid _b: 1887-1890. |
| 260 |
_aMadrid : _b[s. n.], _c1888 ( _eMadrid : _fImp. Enrique Teodoro) |
||
| 300 |
_a1 v. ; _c27 cm. |
||
| 505 | 8 | _aContiene: Discurso.../ Matías Nieto Serrano (16 p.). Influenia de las enfermedades de la piel en las perturbaciones mentales / José Eugenio Olavide (36 p.). Valor curativo de la neturaleza de las enfermedades / Alejandro San Martín (61 p.). Concepto social de la división del trabajo en Medicina / José de Letamendi (33 p.). Discurso.../ Julián Calleja (p. 35-53). La Medicina científica y racional debe tener por base la verdadera fisiología.../ Juan Magaz y Jaime (32 p.). Discurso.../ Aureliano Maestre de San Juan (p. 33-63). La terapeútica de nuestros días participa del progreso de las demás instituciones de la Medicina / Manuel Ortega Morejón (38 p.). Discurso.../ Mariano Carretero y Muriel (p. 39-58). Discurso.../ Matías Nieto Serrano (22 p.). Algo de lo que se debe a los españoles en el progreso de las ciencias médicas / José Díaz Benito y Angulo (40 p.). De la aclimatación de los cascarillos / Vicente Martín de Argenta (72 p.). Discurso.../ Pedro Lletget y Díaz Ropero (p. 73-122). Cómo deben consignarse en las farmacopeas oficiales los llamados medicamentos químicos / José Font y Martí (66 p.). Discurso.../ Juan R. Gómez Pamo (p. 67-106). Discurso.../ Matías Nieto Serrano (17 p.). Socio-patología / Federico Rubio y Gali (49 p.). Consideraciones histórico-críticas acerca de la ciencia de los medicamentos en el siglo XVII, con relación a al época actual / Joaquín Olmedilla y Puig (86 p.). Discurso.../ Gabriel de la Puerta (p. 89-109). | |
| 852 |
_aES-MaACL _9177048 _jK-102 |
||
| 942 | _2udc | ||
| 999 |
_c170384 _d170384 |
||